MARC details
| 000 -LEADER |
| fixed length control field |
01962aam a2200361 i 4500 |
| 001 - CONTROL NUMBER |
| control field |
ocm51194038 |
| 003 - CONTROL NUMBER IDENTIFIER |
| control field |
EG-ScBUE |
| 005 - DATE AND TIME OF LATEST TRANSACTION |
| control field |
20260505094906.0 |
| 008 - FIXED-LENGTH DATA ELEMENTS--GENERAL INFORMATION |
| fixed length control field |
030815r20032001enkac f 001 0 eng d |
| 020 ## - INTERNATIONAL STANDARD BOOK NUMBER |
| International Standard Book Number |
9780192804631 |
| 035 ## - SYSTEM CONTROL NUMBER |
| System control number |
(OCoLC)ocm51194038 |
| 040 ## - CATALOGING SOURCE |
| Original cataloging agency |
UKM |
| Language of cataloging |
eng |
| Description conventions |
rda |
| Transcribing agency |
UKM |
| Modifying agency |
DLC |
| -- |
TEF |
| -- |
NLGGC |
| -- |
BTCTA |
| -- |
CFT |
| -- |
YDXCP |
| -- |
BAKER |
| -- |
DEBBG |
| -- |
A7U |
| -- |
VXX |
| -- |
VOC |
| -- |
EG-ScBUE |
| 082 04 - DEWEY DECIMAL CLASSIFICATION NUMBER |
| Classification number |
701 |
| Edition number |
22 |
| Item number |
FRE |
| 100 1# - MAIN ENTRY--PERSONAL NAME |
| Personal name |
Freeland, Cynthia A., |
| Relator term |
author. |
| 245 10 - TITLE STATEMENT |
| Title |
Art theory : |
| Remainder of title |
a very short introduction / |
| Statement of responsibility, etc |
Cynthia Freeland. |
| 250 ## - EDITION STATEMENT |
| Edition statement |
Reprint edition. |
| 264 #1 - PUBLICATION, DISTRIBUTION, ETC. (IMPRINT) |
| Place of publication, distribution, etc |
Oxford ; |
| -- |
New York : |
| Name of publisher, distributor, etc |
Oxford University Press, |
| Date of publication, distribution, etc |
2003. |
| 300 ## - PHYSICAL DESCRIPTION |
| Extent |
158 pages : |
| Other physical details |
illustrations, portraits ; |
| Dimensions |
18 cm. |
| 336 ## - CONTENT TYPE |
| Source |
rdacontent |
| Content type term |
text |
| Content type code |
txt |
| 337 ## - MEDIA TYPE |
| Source |
rdamedia |
| Media type term |
unmediated |
| Media type code |
n |
| 338 ## - CARRIER TYPE |
| Source |
rdacarrier |
| Carrier type term |
volume |
| Carrier type code |
nc |
| 490 0# - SERIES STATEMENT |
| Series statement |
Very short introductions ; |
| Volume number/sequential designation |
83 |
| 500 ## - GENERAL NOTE |
| General note |
Originally published as: But is it art? 2001. |
| 504 ## - BIBLIOGRAPHY, ETC. NOTE |
| Bibliography, etc |
Includes bibliographic references and index. |
| 505 0# - FORMATTED CONTENTS NOTE |
| Formatted contents note |
Blood and beauty -- Paradigms and purposes -- Cultural crossings -- Money markets, museums -- Gender, genius, and Guerrilla Girls -- Cognition, creation, comprehension -- Digitizing and disseminating. |
| 520 1# - SUMMARY, ETC. |
| Summary, etc |
"This book provides the ideal introduction to thinking about art. Cynthia Freeland explains why innovation and controversy in art are constantly in the headlines, and why it matters. She discusses the relationship of art with beauty, culture, money, sex, and new technology, and draws on examples from Rembrandt, Goya, and Damien Hirst to African nail fetishes, Indian Pueblo dancing, and MTV."--BOOK JACKET. |
| 650 #7 - SUBJECT ADDED ENTRY--TOPICAL TERM |
| Topical term or geographic name as entry element |
Art |
| General subdivision |
Philosophy. |
| Source of heading or term |
BUEsh |
| 650 #7 - SUBJECT ADDED ENTRY--TOPICAL TERM |
| Topical term or geographic name as entry element |
Aesthetics. |
| Source of heading or term |
BUEsh |
| 655 ## - INDEX TERM--GENRE/FORM |
| Form subdivision |
Reading book |
| 856 42 - ELECTRONIC LOCATION AND ACCESS |
| Materials specified |
Contributor biographical information |
| Uniform Resource Identifier |
<a href="http://catdir.loc.gov/catdir/enhancements/fy0907/2003272355-b.html">http://catdir.loc.gov/catdir/enhancements/fy0907/2003272355-b.html</a> |
| 856 41 - ELECTRONIC LOCATION AND ACCESS |
| Materials specified |
Table of contents only |
| Uniform Resource Identifier |
<a href="http://catdir.loc.gov/catdir/enhancements/fy0907/2003272355-t.html">http://catdir.loc.gov/catdir/enhancements/fy0907/2003272355-t.html</a> |
| 942 ## - ADDED ENTRY ELEMENTS (KOHA) |
| Source of classification or shelving scheme |
Dewey Decimal Classification |
| Koha item type |
Book - Borrowing |